Les obstacles en équitation d'après leur définition - Statistiques

Statistiques générales
  • Ce quiz a été pris 1 109 fois
  • Le résultat moyen est 8 sur 30
Statistiques - réponses
Définition / Obstacle... Nom % Correct
installé sur deux plans Oxer
96%
sur 3 ou 4 plans montants Spa
69%
constitué de deux obstacles proches de 1 à 3 foulées situés sur une ligne Double
52%
constitué de trois obstacles proches de 1 à 3 foulées situés sur une ligne Triple
48%
sorte de bidet géant Rivière
45%
Elément ci-dessus avec eau Bidet
44%
constitué de deux barres formant une croix Croisillon
42%
constitué de pièces empilées Mur
38%
Couleur du drapeau de droite Rouge
36%
Couleur du drapeau de gauche Blanc
35%
A l'origine planche Palanque
34%
A l'origine petit tronc Barre
32%
Soutien des éléments essentiels de l'obstacle Chandelle
32%
sur 2 plans, les barres sont en croix ou en obliques Oxer polonais
20%
construit selon un seul plan vertical Droit
19%
Elément ci-dessus végétal Haie
17%
Petit drapeau Fanion
16%
sur 2 plans, la 2e barre est à la même hauteur que la plus haute du 1er plan Oxer carré
15%
Chiffre Numéro
13%
Au sommet de l'élément ci-dessus Taquet
13%
A l'origine séparation de terrains Barrière
12%
sur 2 plans, la barre de derrière est plus haute que la plus haute du 1er plan Oxer montant
12%
Entre les éléments ci-dessus et le sol Soubassement
12%
Pour faire joli ou compliquer le parcours Décor
7%
Elément ci-dessus provenant d'un véhicule Pneu
7%
sur 2 plans, le premier en croix, le second une barre horizontale Croisillon oxer
1%
Elément ci-dessus représentant un objet en miniature Maquette
1%
sur 2 plans, la largeur n'est pas la même des deux côtés Oxer éventail
1%
butte terre
1%
constitué d'une croix à l'horizontale sur deux chandelles Double croisillon
0%
Aucun quiz correspondant
Distribution des résultats
% des personnes avec chaque résultat
Percentile par nombre de réponses
Votre historique - résultats
Vous n’avez pas pris ce quiz